[Event "HUN-chT2 Szechenyi 2223"]
[Site "Hungary"]
[Date "2023.04.23"]
[Round "9.4"]
[White "Szakaly, Laszlo"]
[Black "Finy, Mark"]
[Result "0-1"]
[WhiteElo "1907"]
[BlackElo "1888"]
[PlyCount "32"]
[EventDate "2022.11.20"]
[EventType "team-tourn"]
[EventRounds "9"]
[EventCountry "HUN"]
[SourceTitle "EXT 2025"]
[Source "ChessBase"]
[SourceDate "2024.10.14"]
[SourceVersion "1"]
[SourceVersionDate "2024.10.14"]
[SourceQuality "1"]
[WhiteTeam "Spartacus Sportkor"]
[BlackTeam "Arboretum Hereny KSE"]
[WhiteTeamCountry "HUN"]
[BlackTeamCountry "HUN"]

1. d4 d5 2. Nc3 Nf6 3. Bf4 e6 4. Nb5 Bd6 5. Nxd6+ cxd6 6. e3 0-0 7. Bd3 Nc6 8. Nf3 h6 9. h4 Re8 10. Bb5 Qa5+ 11. Qd2 Qxb5 12. 0-0-0 Ne4 13. Qe1 Nb4 14. b3 Qa5 15. a4 Bd7 16. Kb2 Rec8 0-1

[Event "HUN-chT2 Szechenyi 2223"]
[Site "Hungary"]
[Date "2023.03.12"]
[Round "7.3"]
[White "Finy, Mark"]
[Black "Mihalyfi, Gabor"]
[Result "1/2-1/2"]
[WhiteElo "1872"]
[BlackElo "1946"]
[PlyCount "119"]
[EventDate "2022.11.20"]
[EventType "team-tourn"]
[EventRounds "9"]
[EventCountry "HUN"]
[SourceTitle "EXT 2025"]
[Source "ChessBase"]
[SourceDate "2024.10.14"]
[SourceVersion "1"]
[SourceVersionDate "2024.10.14"]
[SourceQuality "1"]
[WhiteTeam "Arboretum Hereny KSE"]
[BlackTeam "Sentimento Ajka BSK III"]
[WhiteTeamCountry "HUN"]
[BlackTeamCountry "HUN"]

1. d4 c5 2. d5 Nf6 3. c4 b5 4. cxb5 a6 5. bxa6 Bxa6 6. Nc3 d6 7. e4 Bxf1 8. Kxf1 g6 9. Nge2 Bg7 10. f3 0-0 11. Be3 Qa5 12. Qd2 Rc8 13. h4 Nbd7 14. Kg1 Ne5 15. Bg5 Rab8 16. Rb1 Rb7 17. b3 Rcb8 18. Kh2 h5 19. Rhd1 Qa7 20. Qc2 Kh7 21. Kh1 Ng8 22. Bf4 Nh6 23. Be3 Qa6 24. Bg5 f6 25. Bf4 Nhf7 26. Bg3 Bh6 27. Bf4 Bg7 28. a4 Qb6 29. Nb5 Rc8 30. Be3 Qd8 31. Nf4 Qd7 32. Ne6 Bh6 33. Bxh6 Nxh6 34. Qd2 Nhf7 35. Rdc1 Rg8 36. b4 c4 37. Ned4 g5 38. hxg5 fxg5 39. Ne6 Rbb8 40. Rf1 Nd3 41. f4 gxf4 42. Rxf4 Nxf4 43. Qxf4 Ne5 44. Rf1 Qe8 45. Qh4 Rg4 46. Qe1 Qg8 47. Rf5 Qg6 48. Nf4 Rxf4 49. Rxf4 Nd3 50. Qf1 Nxf4 51. Qxf4 Rg8 52. Qf3 Rg7 53. Nd4 Qg4 54. b5 c3 55. a5 Qg5 56. a6 c2 57. Nxc2 Qc1+ 58. Kh2 Qxc2 59. Qxh5+ Kg8 60. Qe8+ 1/2-1/2

[Event "HUN-chT2 Szechenyi 2122"]
[Site "Hungary"]
[Date "2021.10.10"]
[Round "1.6"]
[White "Finy, Mark"]
[Black "Mihalyfi, Gabor"]
[Result "1/2-1/2"]
[WhiteElo "1878"]
[BlackElo "1952"]
[PlyCount "147"]
[EventDate "2021.10.10"]
[EventType "team-tourn"]
[EventRounds "9"]
[EventCountry "HUN"]
[SourceTitle "EXT 2025"]
[Source "ChessBase"]
[SourceDate "2024.10.14"]
[SourceVersion "1"]
[SourceVersionDate "2024.10.14"]
[SourceQuality "1"]
[WhiteTeam "Arboretum Hereny KSE"]
[BlackTeam "Sentimento Ajka BSK"]
[WhiteTeamCountry "HUN"]
[BlackTeamCountry "HUN"]

1. d4 c5 2. dxc5 e6 3. Nf3 Bxc5 4. e3 Nf6 5. Be2 0-0 6. 0-0 d5 7. b3 Nc6 8. Bb2 a6 9. c4 Qe7 10. Qc1 dxc4 11. Qxc4 Nd5 12. Rc1 Bd6 13. Nc3 Nxc3 14. Qxc3 f6 15. Nd4 Bd7 16. Bf3 Nxd4 17. Qxd4 Bb5 18. Qb6 Rab8 19. Bd4 Qd8 20. a4 Qxb6 21. Bxb6 Bd3 22. Rd1 Be5 23. Rac1 Bf5 24. Rc4 Rf7 25. Rdc1 g5 26. Bd4 Bxd4 27. Rxd4 Kg7 28. Rd6 g4 29. Be2 Re7 30. Rc4 h5 31. Rb4 Rc8 32. Bc4 Rc5 33. Rbb6 Re5 34. Kf1 Kf7 35. Ke2 Be4 36. f4 gxf3+ 37. gxf3 Bb1 38. f4 Re4 39. Bd3 Bxd3+ 40. Kxd3 f5 41. Rd8 e5 42. Rd5 exf4 43. Rxf5+ Ke8 44. exf4 h4 45. Re5 Rxf4 46. Rxe7+ Kxe7 47. Rxb7+ Kd6 48. Ke3 Rg4 49. Kf3 Rd4 50. Rb6+ Kc5 51. Rxa6 Rd2 52. h3 Rd4 53. Re6 Kd5 54. Re8 Rd3+ 55. Re3 Rd4 56. Ke2 Rb4 57. Kd2 Rf4 58. Rc3 Rf2+ 59. Ke3 Rg2 60. Kf4 Rg1 61. a5 Rg7 62. a6 Kd4 63. Rc4+ Kd5 64. Kf5 Ra7 65. Ra4 Kc6 66. Rxh4 Rf7+ 67. Kg6 Rf3 68. a7 Kb7 69. Rh7+ Ka8 70. h4 Rxb3 71. Rf7 Rg3+ 72. Kh6 Rh3 73. h5 Rxh5+ 74. Kxh5 1/2-1/2

[Event "HUN-chT2 Szechenyi 1718"]
[Site "Hungary"]
[Date "2018.05.06"]
[Round "9.3"]
[White "Finy, Mark"]
[Black "Martini, Balazs"]
[Result "0-1"]
[WhiteElo "1880"]
[BlackElo "2347"]
[PlyCount "52"]
[EventDate "2017.10.29"]
[EventType "team-tourn"]
[EventRounds "9"]
[EventCountry "HUN"]
[SourceTitle "EXT 2021"]
[Source "ChessBase"]
[SourceDate "2020.10.23"]
[SourceVersion "1"]
[SourceVersionDate "2020.10.23"]
[SourceQuality "1"]
[WhiteTeam "Arboretum"]
[BlackTeam "Ajka Banyasz"]
[WhiteTeamCountry "HUN"]
[BlackTeamCountry "HUN"]

1. d4 d5 2. c4 dxc4 3. e4 Nc6 4. Be3 Nf6 5. Nc3 Ng4 6. Bxc4 Nxe3 7. fxe3 e6 8. Nf3 Be7 9. 0-0 0-0 10. a3 Na5 11. Bd3 c5 12. Kh1 f6 13. dxc5 Nb3 14. Qxb3 Qxd3 15. Nd4 Bxc5 16. Nxe6 Bxe6 17. Qxe6+ Kh8 18. Rf3 Rad8 19. Rh3 Qd7 20. Qc4 Bd6 21. Rd1 Qg4 22. Rd5 Rc8 23. Qb5 Be5 24. Qxb7 Bxc3 25. bxc3 Rb8 26. Qxa7 Rb1+ 0-1

[Event "HUN-chT2 Szechenyi 1617"]
[Site "Hungary"]
[Date "2017.02.26"]
[Round "9.4"]
[White "Finy, Mark"]
[Black "Szabo, Balazs1"]
[Result "1/2-1/2"]
[WhiteElo "1874"]
[BlackElo "1961"]
[PlyCount "49"]
[EventDate "2016.09.25"]
[EventType "team-tourn"]
[EventRounds "11"]
[EventCountry "HUN"]
[SourceTitle "EXT 2021"]
[Source "ChessBase"]
[SourceDate "2020.10.23"]
[SourceVersion "1"]
[SourceVersionDate "2020.10.23"]
[SourceQuality "1"]
[WhiteTeam "Arboretum"]
[BlackTeam "Veszprem Ezust Huszar"]
[WhiteTeamCountry "HUN"]
[BlackTeamCountry "HUN"]

1. d4 d5 2. c4 dxc4 3. e4 e5 4. d5 c6 5. Bxc4 cxd5 6. Bxd5 Nf6 7. Nc3 Be7 8. Nf3 Nbd7 9. 0-0 h6 10. Qb3 0-0 11. Rd1 Qc7 12. Nb5 Qb8 13. Be3 Nxd5 14. Qxd5 a6 15. Nc3 Re8 16. Rac1 Bf8 17. Qc4 b5 18. Qc6 Re6 19. Qd5 Nf6 20. Qd3 Bb7 21. a3 b4 22. axb4 Bxb4 23. Nd2 Qd8 24. Qb1 Qe7 25. f3 1/2-1/2

[Event "HUN-chT2 Szechenyi 1516"]
[Site "Hungary"]
[Date "2015.10.18"]
[Round "3.4"]
[White "Finy, Mark"]
[Black "Domonkos, Tamas"]
[Result "1/2-1/2"]
[WhiteElo "1889"]
[BlackElo "1924"]
[PlyCount "26"]
[EventDate "2015.09.13"]
[EventType "team-tourn"]
[EventRounds "11"]
[EventCountry "HUN"]
[SourceTitle "CBM 170 Extra"]
[Source "ChessBase"]
[SourceDate "2016.02.25"]
[SourceVersion "1"]
[SourceVersionDate "2016.02.25"]
[SourceQuality "1"]
[WhiteTeam "Arboretum"]
[BlackTeam "Tapolca Kolcsey"]
[WhiteTeamCountry "HUN"]
[BlackTeamCountry "HUN"]

1. d4 Nf6 2. c4 e6 3. Nf3 d5 4. Nc3 Nbd7 5. e3 Be7 6. Be2 0-0 7. 0-0 b6 8. cxd5 exd5 9. b3 Bb7 10. Bb2 Ne4 11. Rc1 f5 12. Qc2 c6 13. a3 Bd6 1/2-1/2

[Event "HUN-chT2 Szechenyi 1415"]
[Site "Hungary"]
[Date "2015.03.01"]
[Round "9.4"]
[White "Finy, Mark"]
[Black "Joo, Gabor"]
[Result "1/2-1/2"]
[WhiteElo "1873"]
[BlackElo "2050"]
[PlyCount "41"]
[EventDate "2014.09.07"]
[EventType "team-tourn"]
[EventRounds "11"]
[EventCountry "HUN"]
[SourceTitle "EXT 2016"]
[Source "ChessBase"]
[SourceDate "2015.10.08"]
[SourceVersion "1"]
[SourceVersionDate "2015.10.08"]
[SourceQuality "1"]
[WhiteTeam "Arboretum"]
[BlackTeam "HVSE Infraplan"]
[WhiteTeamCountry "HUN"]
[BlackTeamCountry "HUN"]

1. d4 d5 2. c4 e6 3. Nc3 Nf6 4. Nf3 Be7 5. Bf4 c6 6. e3 Nbd7 7. Bd3 dxc4 8. Bxc4 Nb6 9. Bb3 Nbd5 10. Nxd5 Nxd5 11. Bg3 Qa5+ 12. Nd2 Bb4 13. a3 Bxd2+ 14. Qxd2 Qxd2+ 15. Kxd2 Ke7 16. Rac1 Rd8 17. Rhd1 h6 18. Bc4 Bd7 19. b4 Rac8 20. Ke2 Be8 21. Bxd5 1/2-1/2

[Event "HUN-chT2 Szechenyi 1314"]
[Site "Hungary"]
[Date "2014.02.16"]
[Round "7.4"]
[White "Forgacs, Attila"]
[Black "Finy, Mark"]
[Result "1-0"]
[WhiteElo "2177"]
[BlackElo "1891"]
[PlyCount "53"]
[EventDate "2013.09.08"]
[EventType "team-tourn"]
[EventRounds "11"]
[EventCountry "HUN"]
[SourceTitle "EXT 2016"]
[Source "ChessBase"]
[SourceDate "2015.10.08"]
[SourceVersion "1"]
[SourceVersionDate "2015.10.08"]
[SourceQuality "1"]
[WhiteTeam "Balatonfuered"]
[BlackTeam "Arboretum"]
[WhiteTeamCountry "HUN"]
[BlackTeamCountry "HUN"]

1. e4 d5 2. exd5 Qxd5 3. Nc3 Qa5 4. d4 Nf6 5. Nf3 c6 6. Bc4 Bf5 7. Ne5 e6 8. g4 Be4 9. 0-0 Bd5 10. Bd3 Nbd7 11. Qe2 Qb4 12. Nxd5 Nxd5 13. Nxd7 Kxd7 14. c4 Nc7 15. Bf4 Rd8 16. a3 Qe7 17. d5 Qf6 18. dxc6+ bxc6 19. Qe3 Bc5 20. Qg3 Ne8 21. Rad1 Bd4 22. Be4 Kc8 23. g5 Qe7 24. Bxc6 Qc5 25. Bb5 e5 26. Ba6+ Kc7 27. Rxd4 1-0

[Event "HUN-chT2 Szechenyi 1314"]
[Site "Hungary"]
[Date "2013.11.03"]
[Round "4.3"]
[White "Kiss, Judit"]
[Black "Finy, Mark"]
[Result "1-0"]
[WhiteElo "2026"]
[BlackElo "1891"]
[PlyCount "121"]
[EventDate "2013.09.08"]
[EventType "team-tourn"]
[EventRounds "11"]
[EventCountry "HUN"]
[SourceTitle "EXT 2016"]
[Source "ChessBase"]
[SourceDate "2015.10.08"]
[SourceVersion "1"]
[SourceVersionDate "2015.10.08"]
[SourceQuality "1"]
[WhiteTeam "Keszthely Spartacus"]
[BlackTeam "Arboretum"]
[WhiteTeamCountry "HUN"]
[BlackTeamCountry "HUN"]

1. e4 d5 2. exd5 Qxd5 3. Nc3 Qa5 4. d4 c6 5. Bc4 Nf6 6. Nf3 Bf5 7. 0-0 e6 8. Bf4 Bb4 9. Bb3 Nbd7 10. Ne2 Bg4 11. c3 Be7 12. Nd2 Nd5 13. Nc4 Bxe2 14. Nxa5 Bxd1 15. Bxd5 exd5 16. Raxd1 0-0-0 17. Rfe1 Rhe8 18. Re3 Nf6 19. Rde1 Bf8 20. Bg5 Rxe3 21. Rxe3 Re8 22. Bxf6 Rxe3 23. fxe3 gxf6 24. g4 Kc7 25. Kf2 Bd6 26. h3 b6 27. Nb3 Kd7 28. Kf3 Ke6 29. e4 dxe4+ 30. Kxe4 h5 31. c4 hxg4 32. hxg4 Bg3 33. d5+ cxd5+ 34. cxd5+ Kd7 35. Nd4 a6 36. b3 Bf2 37. Nf5 Bc5 38. Nh6 Ke7 39. Ng8+ Kd6 40. Nxf6 Ba3 41. Ne8+ Kd7 42. Ng7 Bb2 43. Nf5 Bc3 44. Nd4 Kd6 45. Nc6 Bf6 46. Nd4 Kd7 47. Nf5 Bc3 48. Kd3 Be5 49. Kc4 Bb8 50. a4 Bc7 51. Nd4 Kd6 52. Nc6 Kd7 53. Nb4 a5 54. Nc2 Kd6 55. Kd4 Bd8 56. Ne3 Bf6+ 57. Kc4 Ke5 58. Kb5 Kf4 59. Nf5 Bd8 60. Nh6 Be7 61. Nxf7 1-0

[Event "HUN-chT2 Szechenyi 1213"]
[Site "Hungary"]
[Date "2012.11.18"]
[Round "4.4"]
[White "Finy, Mark"]
[Black "Horvath, Rudolf"]
[Result "0-1"]
[WhiteElo "1895"]
[BlackElo "1872"]
[PlyCount "80"]
[EventDate "2012.09.16"]
[EventType "team-tourn"]
[EventRounds "11"]
[EventCountry "HUN"]
[SourceTitle "EXT 2014"]
[Source "ChessBase"]
[SourceDate "2013.11.20"]
[SourceVersion "1"]
[SourceVersionDate "2013.11.20"]
[SourceQuality "1"]
[WhiteTeam "Arboretum"]
[BlackTeam "Veszprem"]
[WhiteTeamCountry "HUN"]
[BlackTeamCountry "HUN"]

1. d4 d5 2. c4 e6 3. Nf3 Be7 4. Bf4 Nf6 5. Nc3 c6 6. cxd5 exd5 7. e3 Bf5 8. Qb3 Qb6 9. Qxb6 axb6 10. Bxb8 Rxb8 11. Ne5 Ne4 12. Bd3 f6 13. Bxe4 Bxe4 14. Nxe4 fxe5 15. Nd2 exd4 16. exd4 0-0 17. Nf3 Rf4 18. Rd1 Re8 19. Rd3 Bh4+ 20. Kd2 Rfe4 21. Nxh4 Rxh4 22. f3 Rh6 23. Re3 Rxe3 24. Kxe3 Re6+ 25. Kd2 c5 26. Re1 Rxe1 27. Kxe1 Kf7 28. Kd2 Ke6 29. Kc3 Kf5 30. g3 g5 31. b4 c4 32. b5 h5 33. h3 h4 34. gxh4 gxh4 35. Kd2 Kf4 36. Ke2 Kg3 37. a3 Kxh3 38. Kf2 c3 39. Ke3 Kg3 40. f4 Kg4 0-1

[Event "HUN-chT2 Szechenyi 1112"]
[Site "Hungary"]
[Date "2012.02.19"]
[Round "6.4"]
[White "Buzeti, Jernej"]
[Black "Finy, Mark"]
[Result "0-1"]
[WhiteElo "2301"]
[BlackElo "1869"]
[PlyCount "104"]
[EventDate "2011.09.25"]
[EventType "team-tourn"]
[EventRounds "11"]
[EventCountry "HUN"]
[SourceTitle "EXT 2013"]
[Source "ChessBase"]
[SourceDate "2012.11.22"]
[SourceVersion "1"]
[SourceVersionDate "2012.11.22"]
[SourceQuality "1"]
[WhiteTeam "Alsoszolnok"]
[BlackTeam "Arboretum"]
[WhiteTeamCountry "HUN"]
[BlackTeamCountry "HUN"]

1. e4 d5 2. exd5 Qxd5 3. Nc3 Qa5 4. d4 Nf6 5. Bc4 c6 6. Qe2 Bf5 7. Bd2 e6 8. d5 cxd5 9. Nxd5 Qd8 10. Nxf6+ gxf6 11. 0-0-0 Qc7 12. g4 Bg6 13. Bc3 Be7 14. Kb1 a6 15. g5 Nd7 16. Bb3 Qc6 17. f3 Rg8 18. gxf6 Bxf6 19. Bxf6 Nxf6 20. Nh3 Ke7 21. Nf4 Bf5 22. Rd2 Rad8 23. Rhd1 Rxd2 24. Qxd2 Qc7 25. Qb4+ Ke8 26. a3 Nd7 27. Qd4 Ke7 28. Re1 Qc5 29. Qd2 Rg1 30. Rxg1 Qxg1+ 31. Ka2 Qc5 32. Nd3 Qd6 33. Qg5+ Ke8 34. Nf4 Qe7 35. Qg8+ Qf8 36. Qg3 Nf6 37. Ne2 Kd7 38. Nd4 Bg6 39. Qe5 Ne8 40. Qb8 Qd6 41. Qxb7+ Nc7 42. c3 Qxh2 43. Ba4+ Ke7 44. Nc6+ Kf6 45. Qb8 Qf4 46. Nd4 Kg7 47. Qd8 h5 48. Bd1 h4 49. Ne2 Qf5 50. c4 h3 51. Ng3 Qb1+ 52. Kb3 Nd5 0-1

[Event "HUN-chT2 Szechenyi 1112"]
[Site "Hungary"]
[Date "2011.09.25"]
[Round "1.5"]
[White "Finy, Mark"]
[Black "Mihalyfi, Gabor"]
[Result "0-1"]
[WhiteElo "1869"]
[BlackElo "2076"]
[PlyCount "42"]
[EventDate "2011.09.25"]
[EventType "team-tourn"]
[EventRounds "11"]
[EventCountry "HUN"]
[SourceTitle "EXT 2013"]
[Source "ChessBase"]
[SourceDate "2012.11.22"]
[SourceVersion "1"]
[SourceVersionDate "2012.11.22"]
[SourceQuality "1"]
[WhiteTeam "Arboretum"]
[BlackTeam "Ajka Banyasz"]
[WhiteTeamCountry "HUN"]
[BlackTeamCountry "HUN"]

1. d4 c5 2. d5 Nf6 3. c4 b5 4. cxb5 a6 5. bxa6 Bxa6 6. Nc3 d6 7. e4 Bxf1 8. Kxf1 g6 9. Nge2 Bg7 10. Rb1 0-0 11. g3 Nbd7 12. Bf4 Qa5 13. Kg2 Qa6 14. b4 cxb4 15. Rxb4 Rfc8 16. Ra4 Qb7 17. Rxa8 Qxa8 18. f3 Nb6 19. Be3 Nfd7 20. Bd4 Nc4 21. Bxg7 Ne3+ 0-1

[Event "HUN-chT2 Szechenyi 1011"]
[Site "Hungary"]
[Date "2011.05.01"]
[Round "10.5"]
[White "Nagy, Tibor2"]
[Black "Finy, Mark"]
[Result "1-0"]
[WhiteElo "1814"]
[BlackElo "1891"]
[PlyCount "39"]
[EventDate "2010.09.12"]
[EventType "team-tourn"]
[EventRounds "11"]
[EventCountry "HUN"]
[SourceTitle "EXT 2012"]
[Source "ChessBase"]
[SourceDate "2011.11.24"]
[SourceVersion "1"]
[SourceVersionDate "2011.11.24"]
[SourceQuality "1"]
[WhiteTeam "FKMK"]
[BlackTeam "Arboretum"]
[WhiteTeamCountry "HUN"]
[BlackTeamCountry "HUN"]

1. e4 d5 2. exd5 Qxd5 3. Nf3 Nf6 4. c3 Bf5 5. d4 Bxb1 6. Rxb1 Qe4+ 7. Be3 h6 8. Bd3 Qe6 9. a3 Nd5 10. Qe2 Nxe3 11. fxe3 g6 12. Ne5 Rh7 13. 0-0 f5 14. e4 Qf6 15. exf5 g5 16. Ng4 Qd6 17. f6 Rh8 18. Ne5 exf6 19. Bg6+ Ke7 20. Nf7+ 1-0

[Event "HUN-chT2 Szechenyi 1011"]
[Site "Hungary"]
[Date "2010.10.10"]
[Round "3.6"]
[White "Finy, Mark"]
[Black "Gombos, Bettina"]
[Result "0-1"]
[WhiteElo "1891"]
[BlackElo "1913"]
[PlyCount "136"]
[EventDate "2010.09.12"]
[EventType "team-tourn"]
[EventRounds "11"]
[EventCountry "HUN"]
[SourceTitle "EXT 2012"]
[Source "ChessBase"]
[SourceDate "2011.11.24"]
[SourceVersion "1"]
[SourceVersionDate "2011.11.24"]
[SourceQuality "1"]
[WhiteTeam "Arboretum"]
[BlackTeam "Sarvar"]
[WhiteTeamCountry "HUN"]
[BlackTeamCountry "HUN"]

1. d4 Nf6 2. c4 e6 3. Nf3 b6 4. g3 Ba6 5. b3 Bb7 6. Bg2 Bb4+ 7. Bd2 a5 8. 0-0 0-0 9. Bxb4 axb4 10. a4 c5 11. dxc5 bxc5 12. Nbd2 Qc7 13. Qc2 Nc6 14. e4 d6 15. Rfe1 Rfd8 16. e5 dxe5 17. Nxe5 Nd4 18. Qb2 Bxg2 19. Kxg2 Qb7+ 20. Kg1 Rd6 21. Rad1 Rad8 22. Ra1 Nd7 23. Nxd7 R6xd7 24. Re3 Nf5 25. Re2 Nd4 26. Re3 f5 27. Rae1 Rd6 28. Qb1 g5 29. Qb2 Qg7 30. Qa2 g4 31. Re5 Nc6 32. R5e2 Qc3 33. Nb1 Qf6 34. Nd2 Qg5 35. Nf1 Nd4 36. Qb2 Nf3+ 37. Kg2 Nxe1+ 38. Rxe1 Qh6 39. Qe5 Rc6 40. Ne3 Qg7 41. Qf4 Rcd6 42. Nf1 Kf7 43. Re5 Rc6 44. a5 Ra8 45. Ne3 Kg8 46. Nxf5 exf5 47. Rxf5 Rg6 48. Qe4 Rd8 49. Rxc5 Qd4 50. Qe7 Rf8 51. Qe3 Qxe3 52. fxe3 Re8 53. Rb5 Ra8 54. c5 Rc6 55. Rxb4 Rxc5 56. Rxg4+ Kf7 57. b4 Rc2+ 58. Kf3 Rxh2 59. Rc4 Rh6 60. Rc7+ Kg8 61. e4 Rb8 62. Rc4 Rd6 63. e5 Rd5 64. Ke4 Rdb5 65. Rc7 Rxb4+ 66. Kf5 R4b5 67. a6 Re8 68. a7 Rbxe5+ 0-1

[Event "HUN-chT2 Szechenyi 0910"]
[Site "Hungary"]
[Date "2010.03.14"]
[Round "6.4"]
[White "Mihalyfi, Gabor"]
[Black "Finy, Mark"]
[Result "1-0"]
[WhiteElo "2082"]
[BlackElo "1889"]
[PlyCount "95"]
[EventDate "2009.11.08"]
[EventType "team-tourn"]
[EventRounds "11"]
[EventCountry "HUN"]
[SourceTitle "EXT 2011"]
[Source "ChessBase"]
[SourceDate "2010.11.26"]
[SourceVersion "1"]
[SourceVersionDate "2010.11.26"]
[SourceQuality "1"]
[WhiteTeam "Ajka Banyasz"]
[BlackTeam "Arboretum"]
[WhiteTeamCountry "HUN"]
[BlackTeamCountry "HUN"]

1. e4 d5 2. e5 c5 3. b4 Qc7 4. Bb2 cxb4 5. d4 Bf5 6. Bd3 Bxd3 7. Qxd3 Nc6 8. Nf3 Rc8 9. Nbd2 g6 10. 0-0 Bh6 11. Ne1 e6 12. f4 Nge7 13. g3 0-0 14. a3 Rfe8 15. Rc1 Qb6 16. Nef3 Bf8 17. g4 Na5 18. axb4 Nc4 19. Rb1 Nc6 20. c3 Nxd2 21. Nxd2 a6 22. Kh1 Ne7 23. Nb3 Qd8 24. Nc5 Rb8 25. Rg1 Bg7 26. Bc1 Qc8 27. Bd2 Bh6 28. Rg3 Bg7 29. Rf1 Kh8 30. Rh3 Rf8 31. Rhf3 Kg8 32. h4 Qd8 33. h5 gxh5 34. Rh3 h4 35. Rxh4 Ng6 36. Rh5 Re8 37. Rf2 f6 38. f5 exf5 39. gxf5 Nf8 40. e6 Re7 41. Rg2 Qc7 42. Rh4 Ra8 43. Bf4 Qd8 44. Qg3 b6 45. Rg4 Raa7 46. Nd7 Rexd7 47. exd7 Qxd7 48. Bh6 1-0